=LDR 00000nam 2200000 4500 =001 INLIS000000000034732 =005 20130612140629 =008 ***********************************ind** =035 ##$$0010-061300000034732 =041 ##$$a ind =082 ##$$a 028.5 =090 ##$$a 028.5, Kom,p =100 ##$$a Komara,Cucu =245 ##$$a Pamanku Peternak Itik Yang Berhasil, Cucu Komara,Deuis Fitri =260 ##$$a 2008 $b Bandung =300 ##$$a vii,136 hlm., Illus., 21 cm =650 ##$$a Bacaan Kanak-Kanak =700 ##$$a Fitri, Deuis =850 ##$$a NBPNMAT =990 ##$$a 16051605 =990 ##$$a 21011045